Statistics for Title in the Lyrics -- Songs That Start With Z

Click here to take the quiz!

General Stats

  • This quiz has been taken 139 times
  • The average score is 2 of 15

Answer Stats

LyricsTitle% Correct
In your head / In your head / ______ ______ ______ ei ei / What's in your head / In your headZombie
70%
I've got the old man's car / I've got a jazz guitar / I've got a tab at ________ / Tonight that's where I'll be, I'll beZanzibar
27%
My reflection, dirty mirror / There's no connection to myself / I'm your lover, I'm your ____ / I'm the face in your dreams of glassZero
25%
Natty Dread it in-a ( ________ ) / Set it up in ( ________ ) / Mash it up-a in-a ________ ( ________ ) / Africans a-liberate ( ________ ), yeahZimbabwe
13%
Whoa, ____, I'd like to fly far away from here / Where my mind can see fresh and clearZoom
12%
Honey, the crowds were / Going bonkers / He showed the moxie, brains, and spunk / From ____ __ ____ a major hunkZero to Hero
11%
I wanna ride / I wanna ride / Up and down like a ______Zipper
10%
____ ____ ____ / Throw back a bottle of beer / ____ ____ ____ / Pull a comb through your coal black hairZoot Suit Riot
8%
I want to show you / Show you all the things that this life has in store for you / I'll always love you / The way that a father should love his daughter / Sweet ___ ____Zoe Jane
4%
_______...vorsprung durch technik / _______...be all that you can be / Be a winner / Eat to get slimmerZooropa
4%
Just down the line, ___ _______ / Gotta make it on time, ___ _______Zoo Station
3%
So come on, let's fly away / Like ______ ___ _________ / Runnin' so free through the night / Fire through the sky awayZebras and Airplanes
2%
Why are the burners always toast? / Why are the stoners always stoned? / Why did the chicken cross the road? / To get away from the ______ ____Zeplin Song
2%
And ____ ___ _____ as the morning sighs / Spreads her wings like a seagullZero She Flies
2%
I got the girl that I need, but you're the girl that I want / I want the girl that do everything, but I got the girl that don't / So I can get you, you, and you girl, (Ahhh) 'cause you're a _____ ____ (Ahhh) / And I can have ya screamin' (oooOOOOoooOOH)Zoosk Girl
2%

Score Distribution

Percentile by Number Answered

Percent of People with Each Score

Your Score History

You have not taken this quiz